Logo CIB grande

PUBLIC HEALTH WORKFORCE: SELECTED LITERATURE REVIEW (Registro nro. 226989)

Detalles MARC
000 -LEADER
campo de control de longitud fija 00671nam a2200229Ia 4500
005 - FECHA Y HORA DE LA ÚLTIMA TRANSACCIÓN
campo de control 20250425162328.0
008 - DATOS DE LONGITUD FIJA--INFORMACIÓN GENERAL
campo de control de longitud fija 250425s9999 xx 000 0 und d
041 ## - CÓDIGO DE IDIOMA
Código de lengua del texto/banda sonora o título independiente eng
082 ## - NÚMERO DE LA CLASIFICACIÓN DECIMAL DEWEY
Número de clasificación 614
010 ## - NÚMERO DE CONTROL DE LA BIBLIOTECA DEL CONGRESO
Número de control de LC 62663
100 ## - ENTRADA PRINCIPAL--NOMBRE DE PERSONA
Nombre de persona PAN AMERICAN, HEALTH ORGANIZATION
245 #0 - MENCIÓN DEL TÍTULO
Título PUBLIC HEALTH WORKFORCE: SELECTED LITERATURE REVIEW
250 ## - MENCION DE EDICION
Mención de edición S.E.
260 ## - PUBLICACIÓN, DISTRIBUCIÓN, ETC.
Lugar de publicación, distribución, etc. Estados Unidos
Nombre del editor, distribuidor, etc. PAN AMERICAN HEALTH ORGANIZATION
Fecha de publicación, distribución, etc. 2006
260 ## - PUBLICACIÓN, DISTRIBUCIÓN, ETC.
Lugar de publicación, distribución, etc. WASHINGTON
Nombre del editor, distribuidor, etc. PAN AMERICAN HEALTH ORGANIZATION
300 ## - DESCRIPCIÓN FÍSICA
Extensión 132
500 ## - NOTA GENERAL
Nota general SERIES HUMAN RESOURCES FOR HEALTH NO.46
650 ## - PUNTO DE ACCESO ADICIONAL DE MATERIA--TÉRMINO DE MATERIA
Término de materia o nombre geográfico como elemento de entrada MEDICINA
650 ## - PUNTO DE ACCESO ADICIONAL DE MATERIA--TÉRMINO DE MATERIA
Término de materia o nombre geográfico como elemento de entrada SALUD PUBLICA
710 ## - ENTRADA AGREGADA--NOMBRE DE ENTIDAD CORPORATIVA
Nombre de entidad corporativa o nombre de jurisdicción como elemento de entrada PAN AMERICAN HEALTH ORGANIZATION
942 ## - ELEMENTOS DE ENTRADA SECUNDARIOS (KOHA)
Tipo de ítem Koha Libros
Existencias
Estatus retirado Estado de pérdida Estado de daño No para préstamo Biblioteca de origen Biblioteca actual Ubicación en estantería Fecha de adquisición Coste, precio normal de compra Total de préstamos Código de barras Copia número Nota pública
        ESCUELA DE NEGOCIOS ESCUELA DE NEGOCIOS   17/10/2007 2.00   D-P 09494 1 DONADO
        ESCUELA DE NEGOCIOS ESCUELA DE NEGOCIOS   01/12/2009 2.00   D-P 10249 2 DONADO

Copyright 2025 ESPOL. Todos los derechos reservados.